Digital processing of speech signals / (Record no. 193435)
[ view plain ]
| 000 -LEADER | |
|---|---|
| fixed length control field | 01118 a2200217 4500 |
| 003 - CONTROL NUMBER IDENTIFIER | |
| control field | Nust |
| 005 - DATE AND TIME OF LATEST TRANSACTION | |
| control field | 20221216094655.0 |
| 020 ## - INTERNATIONAL STANDARD BOOK NUMBER | |
| International Standard Book Number | 0-13-213603-1 |
| 040 ## - CATALOGING SOURCE | |
| Transcribing agency | Nust |
| 082 ## - DEWEY DECIMAL CLASSIFICATION NUMBER | |
| Classification number | 621.3822,RAB |
| 100 1# - MAIN ENTRY--PERSONAL NAME | |
| Personal name | Rabiner, Lawrence R., |
| 9 (RLIN) | 95469 |
| 245 00 - TITLE STATEMENT | |
| Title | Digital processing of speech signals / |
| Statement of responsibility, etc. | Lawrence R. Rabiner, Ronald W. Schafer |
| 260 ## - PUBLICATION, DISTRIBUTION, ETC. | |
| Place of publication, distribution, etc. | Englewood Cliffs, N. J. : |
| Name of publisher, distributor, etc. | Prentice-Hall, |
| Date of publication, distribution, etc. | cop. 1978 |
| 300 ## - PHYSICAL DESCRIPTION | |
| Extent | 512 p. : |
| Other physical details | ill. |
| 440 #0 - SERIES STATEMENT/ADDED ENTRY--TITLE | |
| Title | Prentice-Hall signal processing series, |
| 9 (RLIN) | 102988 |
| 505 ## - FORMATTED CONTENTS NOTE | |
| Formatted contents note | Introduction (Page-1), Fundamentals of Digital Speech Processing (Page-10), Digital Models for the Speech Signal (Page-38), Time Domain Models for Speech Processing (Page-116), Digital Representations of the Speech Waveform (Page-172), Short Time Fourier Analysis (Page-250), Homomorphic Speech Processing (Page-355) Linear Predictive Coding of Speech (Page-396), Digital Speech rocessing for Man Machine Communication by Voice (Page-462). |
| 650 #0 - SUBJECT ADDED ENTRY--TOPICAL TERM | |
| Topical term or geographic name entry element | Telecommunication engineering |
| 650 #0 - SUBJECT ADDED ENTRY--TOPICAL TERM | |
| Topical term or geographic name entry element | Telecommunication engineering |
| 9 (RLIN) | 105033 |
| 700 1# - ADDED ENTRY--PERSONAL NAME | |
| Personal name | Schafer, Ronald W., |
| Dates associated with a name | 1938- |
| 9 (RLIN) | 83396 |
| 942 ## - ADDED ENTRY ELEMENTS (KOHA) | |
| Source of classification or shelving scheme | |
| Koha item type | Book |
| Withdrawn status | Lost status | Source of classification or shelving scheme | Damaged status | Not for loan | Permanent Location | Current Location | Shelving location | Date acquired | Full call number | Barcode | Date last seen | Price effective from | Koha item type | Public note | Collection code | Total Checkouts |
|---|---|---|---|---|---|---|---|---|---|---|---|---|---|---|---|---|
| Military College of Signals (MCS) | Military College of Signals (MCS) | General Stacks | 12/12/2016 | 621.3822,RAB | MCS31126 | 12/08/2016 | 12/12/2016 | Book | Almirah No.37, Shelf No.1 | |||||||
| Military College of Signals (MCS) | Military College of Signals (MCS) | 12/12/2016 | 621.3822 RAB | MCS36628 | 12/08/2016 | 12/12/2016 | Book |
